Scientific paper writing seminar San José, Costa Rica July 18, 2005

שמור ב:
מידע ביבליוגרפי
פורמט: לא ידוע
תגים: הוספת תג
אין תגיות, היה/י הראשונ/ה לתייג את הרשומה!

MARC

LEADER 00000 a2200000 04500
001 44911
003
008 050627s2005 cr sp3 d
040
090 |a 1007 S291s  
245 |a Scientific paper writing seminar San José, Costa Rica July 18, 2005  
500 |a presentaciones impresas de las exposiciones  
999 |c 3491  |d 3491